| Tag |
First Indicator |
Second Indicator |
Subfields |
| LEADER |
00000cam a2200000 i 4500 |
| 001 |
in00004797821 |
| 006 |
m o d |
| 007 |
cr ||||||||||| |
| 008 |
060413s2006 enkab ob 000 0 eng d |
| 005 |
20240723174005.1 |
| 035 |
|
|
|a (OCoLC)on1304352128
|
| 040 |
|
|
|a S2H
|b eng
|e pn
|c S2H
|d OCLCO
|d OCLCF
|d OCLCO
|d OCLCL
|d OCLCQ
|
| 020 |
|
|
|a 9781407329307
|q ebook
|
| 020 |
|
|
|a 1407329308
|
| 020 |
|
|
|z 9781841719153
|
| 024 |
7 |
|
|a 10.30861/9781841719153
|2 doi
|
| 028 |
5 |
0 |
|a S1480
|b BAR Publishing
|
| 035 |
|
|
|a (OCoLC)1304352128
|
| 082 |
0 |
4 |
|a 939
|2 22
|
| 049 |
|
|
|a TXAM
|
| 100 |
1 |
|
|a Papaconstantinou, Demetra.
|
| 245 |
1 |
0 |
|a Identifying domestic space in the Neolithic Eastern Mediterranean :
|b method and theory in spatial studies /
|c Demetra Papaconstantinou.
|
| 264 |
|
1 |
|a Oxford :
|b Archaeopress,
|c 2006.
|
| 300 |
|
|
|a 1 online resource :
|b illustrations, 1 map.
|
| 336 |
|
|
|a text
|b txt
|2 rdacontent
|
| 337 |
|
|
|a computer
|b c
|2 rdamedia
|
| 338 |
|
|
|a online resource
|b cr
|2 rdacarrier
|
| 490 |
1 |
|
|a BAR international series ;
|v 1480
|
| 504 |
|
|
|a Includes bibliographical references.
|
| 588 |
|
|
|a Description based on print version record.
|
| 650 |
|
0 |
|a Neolithic period
|z Middle East.
|
| 650 |
|
0 |
|a Excavations (Archaeology)
|z Middle East.
|
| 650 |
|
0 |
|a Space (Architecture)
|
| 651 |
|
0 |
|a Middle East
|x Antiquities.
|
| 650 |
|
6 |
|a Espace (Architecture)
|
| 651 |
|
6 |
|a Moyen-Orient
|x Antiquités.
|
| 650 |
|
7 |
|a Antiquities.
|2 fast
|0 (OCoLC)fst00810745
|
| 650 |
|
7 |
|a Excavations (Archaeology)
|2 fast
|0 (OCoLC)fst00917564
|
| 650 |
|
7 |
|a Neolithic period.
|2 fast
|0 (OCoLC)fst01035813
|
| 650 |
|
7 |
|a Space (Architecture)
|2 fast
|0 (OCoLC)fst01127601
|
| 651 |
|
7 |
|a Middle East.
|2 fast
|0 (OCoLC)fst01241586
|
| 655 |
|
7 |
|a Electronic books.
|2 local
|
| 758 |
|
|
|i has work:
|a Identifying domestic space in the Neolithic Eastern Mediterranean (Text)
|1 https://id.oclc.org/worldcat/entity/E39PCYRW8tjCRMFqk7thCfcvPj
|4 https://id.oclc.org/worldcat/ontology/hasWork
|
| 776 |
0 |
8 |
|i Print version :
|z 9781841719153
|
| 830 |
|
0 |
|a BAR international series ;
|v 1480.
|
| 856 |
4 |
0 |
|u http://proxy.library.tamu.edu/login?url=https://doi.org/10.30861/9781841719153
|z Connect to the full text of this electronic book
|t 0
|
| 936 |
|
|
|a BATCHLOAD
|
| 955 |
|
|
|a Brtish Archaeological Reprts Pre-2020
|
| 994 |
|
|
|a 92
|b TXA
|
| 999 |
f |
f |
|s 2b2a8fff-975e-4909-af8d-af07b02a6596
|i 6244d755-8f7e-460c-8e57-4c67c5607c55
|t 0
|
| 952 |
f |
f |
|a Texas A&M University
|b College Station
|c Electronic Resources
|d Available Online
|t 0
|h Library of Congress classification
|
| 998 |
f |
f |
|t 0
|l Available Online
|